000 01203nam a2200385 a 4500
003 AR-BaBNM
005 20251128210539.0
008 082120s2002 ||||||||||||||000 | spa||
040 _cAR-BaBNM
100 1 _aVillecco, Miguel Héctor
245 0 0 _aCronologías para una historia de la ciudad de Buenos Aires
_b1580-1996
260 _aBuenos Aires
_bGobierno de la Ciudad de Buenos Aires
_c2000
300 _a430 p.
_bmapas
500 _aContiene índice onomástico y toponímico
500 _aCon dedicatoria del autor
650 4 _aHISTORIA ARGENTINA
650 4 _aVIRREINATO DEL RIO DE LA PLATA
650 4 _aPERIODO HISPANICO
650 4 _aINSTITUCIONES HISPANOAMERICANAS
650 4 _aFUNCIONARIOS PUBLICOS
650 4 _aHISTORIA CULTURAL
650 4 _aCRONOLOGIA
650 4 _aHISTORIA POLITICA
650 4 _aSIGLO DIECIOCHO
650 4 _aSIGLO DIECINUEVE
650 4 _aMATERIALES DE INFORMACION
650 4 _aHISTORIA DE BUENOS AIRES
650 4 _aFUNDACION DE CIUDADES ARGENTINAS
650 4 _aPERIODO INDEPENDIENTE
650 4 _aROSAS Y SU TIEMPO
650 4 _aORGANIZACION NACIONAL
650 4 _aPRESIDENCIAS ARGENTINAS
942 _cBK
998 _cMariana
999 _c15890
_d15890